Four views on the church's mission / (Record no. 9627)
[ view plain ]
| 000 -LEADER | |
|---|---|
| fixed length control field | 01975cam a2200433 i 4500 |
| 001 - CONTROL NUMBER | |
| control field | 19702198 |
| 003 - CONTROL NUMBER IDENTIFIER | |
| control field | GBCCL |
| 005 - DATE AND TIME OF LATEST TRANSACTION | |
| control field | 20241126110715.0 |
| 008 - FIXED-LENGTH DATA ELEMENTS--GENERAL INFORMATION | |
| fixed length control field | 170608t20172017miu 001 0 eng c |
| 010 ## - | |
| -- | 2017024331 |
| 020 ## - INTERNATIONAL STANDARD BOOK NUMBER | |
| International Standard Book Number | 9780310522737 (softcover) |
| 020 ## - INTERNATIONAL STANDARD BOOK NUMBER | |
| Canceled/invalid ISBN | 9780310522744 |
| Qualifying information | ebook |
| 040 ## - CATALOGING SOURCE | |
| Original cataloging agency | NcWfSB/DLC |
| Language of cataloging | eng |
| Transcribing agency | NcWfSB |
| Description conventions | rda |
| Modifying agency | DLC |
| 042 ## - | |
| -- | pcc |
| 050 00 - | |
| -- | BV601.8 |
| -- | .F68 2017 |
| 082 00 - DEWEY DECIMAL CLASSIFICATION NUMBER | |
| Classification number | 266 |
| Edition information | 23 |
| Item number | LEE |
| 100 1# - MAIN ENTRY--PERSONAL NAME | |
| Personal name | Leeman, Jonathan, |
| Relator term | author. |
| 9 (RLIN) | 15406 |
| 245 00 - TITLE STATEMENT | |
| Title | Four views on the church's mission / |
| Statement of responsibility, etc. | Jonathan Leeman, Christopher J.H. Wright, John R. Franke, Peter J. Leithart ; Jason S. Sexton, general editor ; Stanley N. Gundry, series editor. |
| 246 3# - | |
| -- | 4 views on the church's mission |
| 264 #1 - PRODUCTION, PUBLICATION, DISTRIBUTION, MANUFACTURE, AND COPYRIGHT NOTICE | |
| Place of production, publication, distribution, manufacture | Grand Rapids, MI : |
| Name of producer, publisher, distributor, manufacturer | Zondervan, |
| Date of production, publication, distribution, manufacture, or copyright notice | [2017] |
| 264 #4 - PRODUCTION, PUBLICATION, DISTRIBUTION, MANUFACTURE, AND COPYRIGHT NOTICE | |
| Date of production, publication, distribution, manufacture, or copyright notice | ©2017 |
| 300 ## - PHYSICAL DESCRIPTION | |
| Extent | 208 pages ; |
| Dimensions | 21 cm. |
| 336 ## - CONTENT TYPE | |
| Content type term | text |
| Source | rdacontent |
| 337 ## - MEDIA TYPE | |
| Media type term | unmediated |
| Source | rdamedia |
| 338 ## - CARRIER TYPE | |
| Carrier type term | volume |
| Source | rdacarrier |
| 490 1# - SERIES STATEMENT | |
| Series statement | Counterpoints. Bible & theology |
| 500 ## - GENERAL NOTE | |
| General note | Includes index. |
| 505 0# - FORMATTED CONTENTS NOTE | |
| Formatted contents note | Soteriological Mission: Focusing In on the Mission of Redemption / Jonathan Leeman -- Participatory Mission: The Mission of God's People Revealed in the Whole Bible Story / Christopher J.H. Wright -- Contextual Mission: Bearing Witness to the Ends of the Earth / John R. Franke -- Sacramental Mission: Ecumenical and Political Missiology / Peter J. Leithart -- Conclusion: Recalibrating a Church for Mission / Jason S. Sexton. |
| 650 #0 - SUBJECT ADDED ENTRY--TOPICAL TERM | |
| Topical term or geographic name entry element | Mission of the church. |
| 9 (RLIN) | 50 |
| 700 1# - ADDED ENTRY--PERSONAL NAME | |
| Personal name | Franke, John R., |
| Relator term | author. |
| 9 (RLIN) | 16708 |
| 700 1# - ADDED ENTRY--PERSONAL NAME | |
| Personal name | Leeman, Jonathan, |
| Dates associated with a name | 1973- |
| Relator term | author. |
| 9 (RLIN) | 16709 |
| 700 1# - ADDED ENTRY--PERSONAL NAME | |
| Personal name | Leithart, Peter J., |
| Relator term | author. |
| 9 (RLIN) | 15119 |
| 700 1# - ADDED ENTRY--PERSONAL NAME | |
| Personal name | Wright, Christopher J. H., |
| Dates associated with a name | 1947- |
| Relator term | author. |
| 9 (RLIN) | 47 |
| 700 1# - ADDED ENTRY--PERSONAL NAME | |
| Personal name | Sexton, Jason S., |
| Relator term | editor. |
| 9 (RLIN) | 16710 |
| 830 #0 - | |
| -- | Counterpoints. |
| -- | Bible & theology. |
| -- | 16711 |
| 906 ## - LOCAL DATA ELEMENT F, LDF (RLIN) | |
| a | 7 |
| b | cbc |
| c | orignew |
| d | 1 |
| e | ecip |
| f | 20 |
| g | y-gencatlg |
| 942 ## - ADDED ENTRY ELEMENTS (KOHA) | |
| Source of classification or shelving scheme | Dewey Decimal Classification |
| Koha item type | Books |
| Withdrawn status | Lost status | Source of classification or shelving scheme | Damaged status | Not for loan | Home library | Current Library | Shelving location | Date acquired | Total checkouts | Full call number | Barcode | Date last seen | Date last checked out | Copy number | Price effective from | Koha item type |
|---|---|---|---|---|---|---|---|---|---|---|---|---|---|---|---|---|
| Dewey Decimal Classification | GRACE BIBLE COLLEGE | GRACE BIBLE COLLEGE | Ministry & Mission | 2023-03-27 | 2 | 266 LEE | 016089 | 2026-02-23 | 2026-02-19 | c.1 | 2023-03-27 | Books |